Ver para creer. La Información ciudadana en América Central: un estudio desde la sociedad civil
Shranjeno v:
| Glavni avtor: | |
|---|---|
| Format: | Texto |
| Izdano: |
San José:
Fundacion Acceso. IDRC
|
| Teme: | |
| Oznake: |
Označite
Brez oznak, prvi označite!
|
MARC
| LEADER | 00000 a a2200000 04500 | ||
|---|---|---|---|
| 001 | 31301 | ||
| 003 | |||
| 040 | |||
| 020 | |a 9968-862-09-6 | ||
| 090 | |a 198005 | ||
| 100 | |a Martinez Franzoni, Juliana | ||
| 245 | |a Ver para creer. La Información ciudadana en América Central: un estudio desde la sociedad civil | ||
| 260 | |a San José: |b Fundacion Acceso. IDRC | ||
| 300 | |a 350 p. | ||
| 650 | |a ESTADO | ||
| 650 | |a ADMINISTRACION DE LA INFORMACION | ||
| 650 | |a INFORMES DE ACTIVIDAD | ||
| 650 | |a DIFUSION DE LA INFORMACION | ||
| 650 | |a ACCESO A LA INFORMACION | ||
| 650 | |a ASPECTOS JURIDICOS | ||
| 650 | |a RESPONSABILIDAD LEGAL | ||
| 650 | |a ANALISIS COMPARATIVO | ||
| 999 | |c 16228 |d 16228 | ||



